000
00237nam a22000857a 4500
008
170601b xxu||||| |||| 00| 0 eng d
100
_9
3209
_a
Sharma. S. N
245
_a
Art of healthy and productive
260
_a
New Delhi
_b
Arya Publication
_c
2004
999
_c
6522
_d
6522